[Event "geoclub"]
[Site "Ureki"]
[Date "2014.09.28"]
[Round "2.5"]
[White "Beradze, Irakli"]
[Black "Kumsiashvili, Nikoloz"]
[Result "1/2-1/2"]
[LiveChessVersion "1.3.1"]
[BlackElo "2179"]
[WhiteElo "2326"]

1. Nf3 {[%clk 1:30:48]} Nf6 {[%clk 1:30:39]} 2. g3 {[%clk 1:30:55]} d5
{[%clk 1:30:52]} 3. c4 {[%clk 1:30:12]} e6 {[%clk 1:30:57]} 4. Bg2
{[%clk 1:30:08]} d4 {[%clk 1:30:41]} 5. d3 {[%clk 1:28:03]} c5 {[%clk 1:30:34]}
6. e3 {[%clk 1:28:00]} Nc6 {[%clk 1:30:38]} 7. exd4 {[%clk 1:28:16]} cxd4
{[%clk 1:30:50]} 8. O-O {[%clk 1:28:39]} Bd6 {[%clk 1:30:50]} 9. Re1
{[%clk 1:24:22]} O-O {[%clk 1:30:31]} 10. a3 {[%clk 1:23:37]} a5 {[%clk 1:30:39]}
11. Bg5 {[%clk 1:20:18]} h6 {[%clk 1:23:59]} 12. Bxf6 {[%clk 1:20:27]} Qxf6
{[%clk 1:24:26]} 13. Nbd2 {[%clk 1:20:56]} Qe7 {[%clk 1:24:08]} 14. Nb3
{[%clk 1:16:16]} Qd8 {[%clk 1:14:05]} 15. Nbxd4 {[%clk 0:53:45]} Nxd4
{[%clk 1:14:21]} 16. Nxd4 {[%clk 0:54:12]} Bxg3 {[%clk 1:14:29]} 17. hxg3
{[%clk 0:54:39]} Qxd4 {[%clk 1:14:54]} 18. Qd2 {[%clk 0:54:50]} Rd8
{[%clk 1:06:23]} 19. Rad1 {[%clk 0:55:06]} f5 {[%clk 0:51:40]} 20. Qe3
{[%clk 0:41:18]} Ra6 {[%clk 0:40:05]} 21. Qxd4 {[%clk 0:33:46]} Rxd4
{[%clk 0:40:33]} 22. Re5 {[%clk 0:34:15]} b6 {[%clk 0:37:49]} 23. Kf1
{[%clk 0:31:44]} Ra7 {[%clk 0:27:33]} 24. Ke2 {[%clk 0:31:36]} Kf7
{[%clk 0:22:11]} 25. Ke3 {[%clk 0:29:51]} Rd6 {[%clk 0:22:35]} 26. b3
{[%clk 0:18:09]} Rc7 {[%clk 0:16:13]} 27. Rd2 {[%clk 0:17:03]} Kf6
{[%clk 0:14:19]} 28. f4 {[%clk 0:17:28]} Ba6 {[%clk 0:10:16]} 29. b4
{[%clk 0:15:32]} axb4 {[%clk 0:10:32]} 30. axb4 {[%clk 0:15:59]} Rcd7
{[%clk 0:10:13]} 31. b5 {[%clk 0:16:26]} Bb7 {[%clk 0:10:38]} 32. Bxb7
{[%clk 0:11:22]} Rxb7 {[%clk 0:11:06]} 33. d4 {[%clk 0:11:51]} Rbd7
{[%clk 0:10:28]} 34. d5 {[%clk 0:10:43]} Rc7 {[%clk 0:06:08]} 35. Kd4
{[%clk 0:08:10]} exd5 {[%clk 0:02:14]} 36. cxd5 {[%clk 0:05:24]} Rc1
{[%clk 0:02:04]} 37. Rd3 {[%clk 0:03:03]} Rb1 {[%clk 0:01:46]} 38. Kc4
{[%clk 0:01:31]} Rc1+ {[%clk 0:01:46]} 39. Rc3 {[%clk 0:01:39]} Rd1
{[%clk 0:01:13]} 40. Rce3 {[%clk 0:31:55]} Rc1+ {[%clk 0:31:08]} 41. Kb4
{[%clk 0:21:59]} Rb1+ {[%clk 0:31:07]} 42. Kc4 {[%clk 0:14:38]} Rc1+
{[%clk 0:31:24]} 43. Kb4 {[%clk 0:14:57]} Rb1+ {[%clk 0:31:47]} 44. Kc4 Kxe5
1/2-1/2

[Event "geoclub"]
[Site "Ureki"]
[Date "2014.09.28"]
[Round "2.8"]
[White "Chkhikvishvili, Mindia"]
[Black "Khotenashvili, Bela"]
[Result "0-1"]
[LiveChessVersion "1.3.1"]
[BlackElo "2507"]
[WhiteElo "2050"]

1. e4 {[%clk 1:30:51]} c6 {[%clk 1:30:47]} 2. d4 {[%clk 1:30:38]} d5
{[%clk 1:31:11]} 3. exd5 {[%clk 1:29:01]} cxd5 {[%clk 1:31:36]} 4. Bd3
{[%clk 1:29:10]} Nc6 {[%clk 1:31:55]} 5. c3 {[%clk 1:28:57]} Qc7 {[%clk 1:31:59]}
6. Ne2 {[%clk 1:25:57]} Bg4 {[%clk 1:32:19]} 7. h3 {[%clk 1:22:44]} Bh5
{[%clk 1:31:22]} 8. g4 Bg6 {[%clk 1:31:31]} 9. Bf4 {[%clk 1:19:02]} Qb6
{[%clk 1:29:35]} 10. Bxg6 {[%clk 1:17:44]} hxg6 {[%clk 1:29:52]} 11. Qb3
{[%clk 1:15:30]} Nf6 {[%clk 1:29:44]} 12. Na3 {[%clk 1:10:19]} Qxb3
{[%clk 1:17:11]} 13. axb3 {[%clk 1:10:48]} e6 {[%clk 1:17:10]} 14. f3
{[%clk 1:06:19]} a6 {[%clk 1:15:37]} 15. Kf2 {[%clk 1:03:25]} Be7
{[%clk 1:13:47]} 16. b4 {[%clk 0:59:15]} Kd7 {[%clk 1:09:36]} 17. Nc1
{[%clk 0:57:44]} g5 {[%clk 1:04:15]} 18. Bg3 {[%clk 0:56:48]} Ne8
{[%clk 0:49:44]} 19. Nd3 {[%clk 0:54:29]} b6 {[%clk 0:49:18]} 20. Kg2
{[%clk 0:34:23]} Nd6 {[%clk 0:47:40]} 21. Ra2 {[%clk 0:27:02]} f6
{[%clk 0:39:31]} 22. Rha1 {[%clk 0:17:33]} Rhc8 {[%clk 0:34:33]} 23. Nc2
{[%clk 0:14:37]} a5 {[%clk 0:30:54]} 24. bxa5 {[%clk 0:10:46]} Rxa5
{[%clk 0:30:51]} 25. Nc5+ {[%clk 0:05:03]} bxc5 26. Rxa5 Nxa5 {[%clk 0:29:21]}
27. Rxa5 {[%clk 0:05:47]} c4 {[%clk 0:16:12]} 28. Nb4 {[%clk 0:04:23]} Rb8
{[%clk 0:11:12]} 29. Ra7+ {[%clk 0:04:44]} Rb7 {[%clk 0:11:37]} 30. Bxd6
{[%clk 0:04:09]} Rxa7 {[%clk 0:12:03]} 31. Bxe7 {[%clk 0:04:35]} Ra1
{[%clk 0:12:12]} 32. Bf8 {[%clk 0:04:18]} Rb1 {[%clk 0:11:22]} 33. Na6
{[%clk 0:03:35]} Rxb2+ {[%clk 0:11:14]} 34. Kg3 {[%clk 0:03:53]} g6
{[%clk 0:09:13]} 35. Bb4 {[%clk 0:03:38]} e5 {[%clk 0:09:16]} 36. Nc5+
{[%clk 0:03:09]} Kc6 {[%clk 0:09:26]} 37. Ne6 {[%clk 0:01:29]} e4
{[%clk 0:05:40]} 38. fxe4 {[%clk 0:01:05]} dxe4 {[%clk 0:06:08]} 39. Nc5
{[%clk 0:01:30]} f5 40. gxf5 gxf5 {[%clk 0:34:30]} 41. Ne6 f4+ 42. Nxf4 gxf4+ 43.
Kxf4 Kd5 44. h4 Rxb4 45. cxb4 Kxd4 46. Ke5+ Kxe5 0-1

[Event "geoclub"]
[Site "Ureki"]
[Date "2014.09.29"]
[Round "3.4"]
[White "Khurtsidze, Nino"]
[Black "Arabidze, Meri"]
[Result "1/2-1/2"]
[LiveChessVersion "1.3.1"]
[BlackElo "2411"]
[WhiteElo "2467"]

1. d4 {[%clk 1:30:53]} Nf6 {[%clk 1:30:55]} 2. c4 {[%clk 1:31:17]} e6 3. Nc3
{[%clk 1:31:27]} Bb4 {[%clk 1:31:36]} 4. e3 {[%clk 1:31:26]} c5 {[%clk 1:31:48]}
5. Nge2 {[%clk 1:31:33]} cxd4 {[%clk 1:31:50]} 6. exd4 {[%clk 1:31:57]} d5
{[%clk 1:32:15]} 7. a3 {[%clk 1:32:16]} Be7 {[%clk 1:32:27]} 8. Nf4
{[%clk 1:32:36]} O-O {[%clk 1:31:36]} 9. cxd5 {[%clk 1:32:46]} Nxd5
{[%clk 1:31:32]} 10. Ncxd5 {[%clk 1:32:48]} exd5 {[%clk 1:32:00]} 11. Bd3
{[%clk 1:33:07]} Bf6 {[%clk 1:30:09]} 12. O-O {[%clk 1:33:03]} Nc6
{[%clk 1:30:00]} 13. Be3 {[%clk 1:33:23]} g6 {[%clk 1:30:09]} 14. Rc1
{[%clk 1:32:31]} Qd6 {[%clk 1:30:17]} 15. Rc5 {[%clk 1:30:14]} Be6
{[%clk 1:30:19]} 16. Nxe6 {[%clk 1:27:24]} fxe6 {[%clk 1:30:31]} 17. Qg4
{[%clk 1:08:01]} Bg7 18. Rc2 {[%clk 0:52:08]} Rf7 {[%clk 1:22:09]} 19. h4
{[%clk 0:49:49]} e5 {[%clk 1:15:11]} 20. dxe5 {[%clk 0:48:27]} Nxe5
{[%clk 1:15:08]} 21. Qg3 {[%clk 0:47:42]} Qd7 {[%clk 1:09:38]} 22. Be2
{[%clk 0:45:43]} Qf5 {[%clk 0:49:26]} 23. Rfc1 {[%clk 0:41:13]} h5
{[%clk 0:48:39]} 24. Rd2 {[%clk 0:39:28]} Ng4 {[%clk 0:36:00]} 25. Rcd1
{[%clk 0:24:48]} Be5 {[%clk 0:15:28]} 26. Qf3 {[%clk 0:24:39]} Nxe3
{[%clk 0:15:03]} 27. fxe3 {[%clk 0:23:56]} Qe6 {[%clk 0:13:14]} 28. Qxd5
{[%clk 0:23:25]} Qxd5 {[%clk 0:13:15]} 29. Rxd5 {[%clk 0:23:51]} Re7
{[%clk 0:13:36]} 30. b3 {[%clk 0:15:53]} Bf6 {[%clk 0:12:15]} 31. Rd6
{[%clk 0:15:11]} Kg7 {[%clk 0:12:07]} 32. Rd7 {[%clk 0:13:35]} Bxh4
{[%clk 0:11:13]} 33. Rxe7+ {[%clk 0:12:18]} Bxe7 {[%clk 0:11:41]} 34. Rd7
{[%clk 0:12:44]} Kf6 {[%clk 0:11:45]} 35. b4 {[%clk 0:12:52]} a5 {[%clk 0:08:17]}
36. Rxb7 {[%clk 0:13:05]} axb4 {[%clk 0:08:28]} 37. axb4 {[%clk 0:12:59]} Ra4
{[%clk 0:07:09]} 38. Rb6+ {[%clk 0:12:19]} Kf7 {[%clk 0:04:50]} 39. Bd3
{[%clk 0:10:09]} g5 {[%clk 0:02:43]} 40. Bg6+ {[%clk 0:35:42]} Kg7
{[%clk 0:32:33]} 41. Bxh5 {[%clk 0:35:53]} Rxb4 {[%clk 0:32:37]} 42. Re6
{[%clk 0:35:59]} Bf6 {[%clk 0:32:41]} 43. Kf2 {[%clk 0:36:17]} Rb5
{[%clk 0:31:52]} 44. Kf3 {[%clk 0:35:22]} Re5 {[%clk 0:31:56]} 45. Rc6
{[%clk 0:35:43]} Be7 {[%clk 0:31:01]} 46. Bg4 {[%clk 0:35:50]} Rc5
{[%clk 0:26:16]} 47. Ra6 {[%clk 0:34:42]} Kf7 {[%clk 0:24:47]} 48. Be6+
{[%clk 0:34:47]} Kg7 {[%clk 0:25:06]} 49. e4 {[%clk 0:34:06]} Bd8
{[%clk 0:20:46]} 50. Bd5 {[%clk 0:33:21]} Bc7 {[%clk 0:19:54]} 51. Re6
{[%clk 0:32:40]} Bf4 {[%clk 0:16:12]} 52. Kg4 {[%clk 0:31:52]} Rc2
{[%clk 0:15:01]} 53. Kf5 {[%clk 0:26:25]} Rxg2 {[%clk 0:11:45]} 54. Rg6+
{[%clk 0:24:40]} Kh7 {[%clk 0:11:51]} 55. Bg8+ {[%clk 0:23:35]} Kh8
{[%clk 0:12:20]} 56. e5 {[%clk 0:22:06]} Rf2 {[%clk 0:05:29]} 57. e6
{[%clk 0:17:31]} Bd6+ {[%clk 0:05:10]} 58. Ke4 {[%clk 0:17:54]} Be7
{[%clk 0:03:36]} 59. Bf7 {[%clk 0:18:16]} Kh7 {[%clk 0:03:39]} 60. Rg8
{[%clk 0:18:40]} Ra2 {[%clk 0:03:40]} 61. Re8 {[%clk 0:18:47]} Ra7
{[%clk 0:03:40]} 62. Kf5 {[%clk 0:18:51]} Ra5+ {[%clk 0:03:43]} 63. Kg4
{[%clk 0:19:12]} Ra4+ {[%clk 0:03:48]} 64. Kf5 {[%clk 0:19:26]} Ra5+
{[%clk 0:04:10]} 65. Ke4 {[%clk 0:18:45]} Ra7 {[%clk 0:04:26]} 1/2-1/2

[Event "geoclub"]
[Site "Ureki"]
[Date "2014.09.29"]
[Round "3.11"]
[White "Fier, Alexandr"]
[Black "Chachua, Gocha"]
[Result "1-0"]
[LiveChessVersion "1.3.1"]
[BlackElo "1931"]
[WhiteElo "2579"]

1. d4 {[%clk 1:30:58]} Nf6 {[%clk 1:30:59]} 2. c4 {[%clk 1:31:22]} e6
{[%clk 1:31:27]} 3. Nc3 {[%clk 1:31:47]} Bb4 {[%clk 1:31:56]} 4. e3 c5
{[%clk 1:31:59]} 5. Nge2 {[%clk 1:32:35]} O-O {[%clk 1:31:38]} 6. a3
{[%clk 1:32:52]} Bxc3+ {[%clk 1:31:08]} 7. Nxc3 {[%clk 1:33:15]} d6
{[%clk 1:31:30]} 8. Be2 {[%clk 1:31:57]} Nc6 {[%clk 1:31:04]} 9. O-O
{[%clk 1:30:45]} e5 {[%clk 1:31:02]} 10. dxc5 {[%clk 1:30:55]} dxc5
{[%clk 1:31:27]} 11. Nd5 {[%clk 1:31:20]} e4 {[%clk 1:30:40]} 12. b4
{[%clk 1:27:14]} Be6 {[%clk 1:24:19]} 13. bxc5 {[%clk 1:27:08]} Nxd5
{[%clk 1:23:53]} 14. cxd5 {[%clk 1:27:32]} Bxd5 {[%clk 1:24:04]} 15. Bb2
{[%clk 1:27:50]} f6 {[%clk 1:11:25]} 16. Qc2 {[%clk 1:27:49]} Qe7
{[%clk 1:08:04]} 17. Rfd1 {[%clk 1:28:01]} Bf7 {[%clk 1:07:41]} 18. Rd6
{[%clk 1:27:35]} Rac8 {[%clk 1:05:03]} 19. Rad1 {[%clk 1:27:45]} Rc7
{[%clk 1:04:13]} 20. Bg4 {[%clk 1:26:03]} Nb8 {[%clk 1:04:33]} 21. Bf5
{[%clk 1:24:15]} Bg6 {[%clk 0:52:51]} 22. Bxg6 {[%clk 1:14:33]} hxg6
{[%clk 0:52:51]} 23. Qc4+ {[%clk 1:15:00]} Kh7 {[%clk 0:47:54]} 24. R1d4
{[%clk 1:15:21]} Re8 {[%clk 0:45:31]} 25. f3 {[%clk 1:15:36]} f5 {[%clk 0:44:11]}
26. fxe4 {[%clk 1:15:49]} fxe4 {[%clk 0:39:03]} 27. R4d5 {[%clk 1:16:14]} Qf7
{[%clk 0:26:27]} 28. Qe2 {[%clk 1:14:17]} Nd7 {[%clk 0:24:39]} 29. h4
{[%clk 1:14:24]} Nf6 {[%clk 0:20:01]} 30. Bxf6 {[%clk 1:14:21]} gxf6
{[%clk 0:20:09]} 31. h5 {[%clk 1:14:47]} gxh5 {[%clk 0:14:02]} 32. Rxh5+
{[%clk 1:14:57]} Kg7 {[%clk 0:13:54]} 33. Rf5 {[%clk 1:12:52]} Rc6
{[%clk 0:11:38]} 34. Qg4+ {[%clk 1:13:07]} Kf8 {[%clk 0:11:33]} 35. Rh5
{[%clk 1:07:48]} Qg7 {[%clk 0:08:54]} 36. Qh3 {[%clk 1:07:13]} Rxd6
{[%clk 0:06:50]} 37. Rh8+ {[%clk 1:07:32]} Qxh8 {[%clk 0:00:48]} 38. Qxh8+
{[%clk 1:07:56]} Kf7 {[%clk 0:01:14]} 39. Qh5+ {[%clk 1:08:20]} Ke7
{[%clk 0:01:30]} 40. cxd6+ {[%clk 1:38:46]} 1-0

[Event "geoclub"]
[Site "Ureki"]
[Date "2014.09.29"]
[Round "3.18"]
[White "Batsiashvili, Nino"]
[Black "Chkhikvishvili, Mindia"]
[Result "1-0"]
[LiveChessVersion "1.3.1"]
[BlackElo "2050"]
[WhiteElo "2426"]

1. d4 {[%clk 1:30:58]} d5 {[%clk 1:30:53]} 2. c4 {[%clk 1:31:24]} c6
{[%clk 1:31:22]} 3. Nf3 {[%clk 1:31:45]} Nf6 4. e3 {[%clk 1:32:04]} e6
{[%clk 1:32:10]} 5. b3 {[%clk 1:32:29]} Bb4+ {[%clk 1:30:05]} 6. Nbd2
{[%clk 1:32:40]} Ne4 {[%clk 1:28:25]} 7. Bd3 {[%clk 1:32:48]} f5 {[%clk 1:21:11]}
8. O-O {[%clk 1:33:06]} Nd7 {[%clk 1:20:21]} 9. a3 {[%clk 1:28:16]} Bc3
{[%clk 1:19:34]} 10. Rb1 {[%clk 1:28:22]} Ba5 {[%clk 1:19:38]} 11. Qc2
{[%clk 1:27:08]} O-O {[%clk 1:16:47]} 12. b4 {[%clk 1:26:29]} Bc7
{[%clk 1:17:07]} 13. b5 {[%clk 1:26:47]} Ndf6 {[%clk 1:07:56]} 14. bxc6
{[%clk 1:21:13]} bxc6 {[%clk 1:06:53]} 15. Ne5 {[%clk 1:18:45]} Bxe5
{[%clk 1:03:52]} 16. dxe5 {[%clk 1:19:10]} Ng4 {[%clk 1:00:30]} 17. Nf3
{[%clk 1:18:52]} Bd7 {[%clk 0:42:34]} 18. Bb2 {[%clk 1:16:19]} Rb8
{[%clk 0:31:27]} 19. h3 {[%clk 1:13:51]} Nh6 {[%clk 0:31:12]} 20. Rfc1
{[%clk 1:10:49]} Rb7 {[%clk 0:20:26]} 21. cxd5 {[%clk 1:07:35]} cxd5
{[%clk 0:20:12]} 22. Bd4 {[%clk 1:07:58]} Rxb1 {[%clk 0:20:07]} 23. Rxb1
{[%clk 1:08:15]} Qa5 {[%clk 0:19:52]} 24. Rb7 {[%clk 1:05:44]} Rc8
{[%clk 0:12:42]} 25. Qb2 {[%clk 1:03:52]} Rc7 {[%clk 0:10:50]} 26. Rxa7
{[%clk 1:02:31]} Rxa7 {[%clk 0:10:23]} 27. Qb8+ {[%clk 1:02:55]} Kf7
{[%clk 0:10:44]} 28. Qxa7 {[%clk 1:03:00]} Qxa7 {[%clk 0:10:52]} 29. Bxa7
{[%clk 1:03:28]} Ng8 {[%clk 0:09:08]} 30. Bd4 {[%clk 0:58:41]} Ne7
{[%clk 0:06:13]} 31. Kf1 {[%clk 0:59:06]} h6 {[%clk 0:05:54]} 32. Ke2
{[%clk 0:59:26]} Ba4 {[%clk 0:06:08]} 33. Nd2 {[%clk 0:56:29]} Nc6
{[%clk 0:06:07]} 34. Nb1 {[%clk 0:53:40]} Ke7 {[%clk 0:01:25]} 35. f3
{[%clk 0:53:59]} Ng5 {[%clk 0:01:28]} 36. Nc3 {[%clk 0:49:58]} Nxd4+
{[%clk 0:01:53]} 37. exd4 {[%clk 0:50:22]} Bb3 {[%clk 0:01:56]} 38. Kd2
{[%clk 0:49:13]} Nf7 {[%clk 0:01:50]} 39. Kc1 {[%clk 0:48:40]} Kd7
{[%clk 0:01:27]} 40. Kb2 {[%clk 1:18:42]} Bc4 {[%clk 0:31:51]} 41. Bxc4
{[%clk 1:18:25]} dxc4 {[%clk 0:32:20]} 42. Ne2 {[%clk 1:13:27]} Kc6
{[%clk 0:30:46]} 43. Kc3 {[%clk 1:13:24]} g5 {[%clk 0:27:39]} 44. Kxc4
{[%clk 1:13:45]} f4 {[%clk 0:27:33]} 45. Nc1 {[%clk 1:12:56]} h5 {[%clk 0:27:26]}
46. Nd3 {[%clk 1:12:29]} Nh6 {[%clk 0:20:51]} 47. Nc5 {[%clk 1:12:04]} Nf5
{[%clk 0:21:13]} 48. Nxe6 {[%clk 1:12:24]} Ne3+ {[%clk 0:21:39]} 49. Kd3
{[%clk 1:12:42]} Nxg2 {[%clk 0:21:43]} 50. Ke4 {[%clk 1:12:41]} g4
{[%clk 0:21:37]} 51. fxg4 {[%clk 1:12:58]} Kd5+ 1-0

[Event "geoclub"]
[Site "Ureki"]
[Date "2014.10.01"]
[Round "5.15"]
[White "Kumsiashvili, Nikoloz"]
[Black "Licheli, Luka"]
[Result "1-0"]
[LiveChessVersion "1.3.1"]
[BlackElo "1925"]
[WhiteElo "2179"]

1. d4 {[%clk 1:30:41]} Nf6 {[%clk 1:30:39]} 2. c4 {[%clk 1:31:03]} e6
{[%clk 1:30:49]} 3. Nf3 {[%clk 1:31:30]} Bb4+ {[%clk 1:30:47]} 4. Bd2
{[%clk 1:31:54]} Qe7 {[%clk 1:31:13]} 5. g3 {[%clk 1:31:48]} Nc6 {[%clk 1:31:09]}
6. Nc3 {[%clk 1:31:13]} O-O {[%clk 1:30:35]} 7. Bg2 {[%clk 1:31:08]} Bxc3
{[%clk 1:30:59]} 8. Bxc3 {[%clk 1:31:23]} Ne4 {[%clk 1:31:20]} 9. Rc1
{[%clk 1:30:35]} Nxc3 {[%clk 1:31:10]} 10. Rxc3 {[%clk 1:31:00]} d6
{[%clk 1:31:35]} 11. d5 {[%clk 1:26:50]} Nb8 {[%clk 1:30:46]} 12. Qc2
{[%clk 1:16:48]} Nd7 {[%clk 1:28:58]} 13. O-O {[%clk 1:15:20]} a5
{[%clk 1:24:59]} 14. Ra3 {[%clk 1:09:14]} Ra6 {[%clk 1:22:49]} 15. Qd2
{[%clk 1:08:16]} b6 {[%clk 1:16:02]} 16. dxe6 {[%clk 1:07:28]} fxe6
{[%clk 1:15:02]} 17. Nd4 {[%clk 1:07:49]} Nc5 {[%clk 1:12:40]} 18. Nc6
{[%clk 1:07:21]} Qe8 {[%clk 1:06:07]} 19. Nb8 {[%clk 1:07:11]} Ra7
{[%clk 1:06:07]} 20. b4 {[%clk 1:07:30]} Bb7 {[%clk 1:02:55]} 21. bxc5
{[%clk 1:04:54]} Bxg2 {[%clk 1:00:52]} 22. Kxg2 {[%clk 1:02:57]} Qxb8
{[%clk 1:00:25]} 23. cxd6 {[%clk 1:03:26]} cxd6 {[%clk 1:00:39]} 24. Qe3
{[%clk 0:58:42]} e5 {[%clk 0:48:15]} 25. Rb1 {[%clk 0:54:32]} Qb7+
{[%clk 0:48:05]} 26. Kg1 {[%clk 0:46:59]} Rb8 {[%clk 0:42:19]} 27. Rab3
{[%clk 0:46:41]} Ra6 {[%clk 0:42:03]} 28. Qd3 {[%clk 0:44:41]} Re8
{[%clk 0:24:55]} 29. Qxd6 {[%clk 0:40:14]} b5 {[%clk 0:24:59]} 30. Qd2
{[%clk 0:38:49]} b4 {[%clk 0:24:24]} 31. a3 {[%clk 0:37:39]} Qe4 {[%clk 0:23:46]}
32. axb4 {[%clk 0:37:13]} axb4 {[%clk 0:12:36]} 33. Rxb4 {[%clk 0:37:15]} Qd4 34.
Qxd4 {[%clk 0:36:12]} exd4 {[%clk 0:12:06]} 35. Rb8 {[%clk 0:36:28]} Rae6
{[%clk 0:12:16]} 36. Rxe8+ {[%clk 0:36:48]} Rxe8 {[%clk 0:12:45]} 37. Kf1
{[%clk 0:36:53]} Rc8 {[%clk 0:12:55]} 38. Rc1 {[%clk 0:37:04]} Kf7
{[%clk 0:13:02]} 39. Ke1 {[%clk 0:37:31]} Ke6 {[%clk 0:13:13]} 40. Kd2
{[%clk 1:07:57]} g5 {[%clk 0:43:29]} 41. Kd3 {[%clk 1:08:22]} Ke5
{[%clk 0:43:57]} 42. Rb1 {[%clk 1:08:14]} g4 {[%clk 0:44:06]} 43. Rb5+
{[%clk 1:08:23]} Ke6 {[%clk 0:44:33]} 44. Rg5 {[%clk 1:08:32]} Kd5 45. Ke4+ 1-0

[Event "geoclub"]
[Site "Ureki"]
[Date "2014.10.02"]
[Round "6.15"]
[White "Tutisani, Noe"]
[Black "Kumsiashvili, Nikoloz"]
[Result "1/2-1/2"]
[LiveChessVersion "1.3.1"]
[BlackElo "2179"]
[WhiteElo "2259"]

1. e4 {[%clk 1:30:51]} c5 {[%clk 1:30:46]} 2. Nf3 {[%clk 1:30:56]} e6
{[%clk 1:31:03]} 3. d4 {[%clk 1:30:56]} cxd4 {[%clk 1:31:28]} 4. Nxd4
{[%clk 1:31:17]} Nc6 {[%clk 1:31:38]} 5. Nc3 {[%clk 1:31:06]} Qc7
{[%clk 1:31:48]} 6. Be3 {[%clk 1:30:21]} a6 {[%clk 1:31:57]} 7. Qd2
{[%clk 1:28:52]} Nf6 {[%clk 1:32:04]} 8. O-O-O {[%clk 1:29:06]} Bb4
{[%clk 1:32:03]} 9. f3 {[%clk 1:29:21]} Ne5 {[%clk 1:32:17]} 10. Nb3
{[%clk 1:27:56]} b5 {[%clk 1:32:28]} 11. Qe1 {[%clk 1:27:40]} Rb8
{[%clk 1:32:01]} 12. Qg3 {[%clk 1:20:59]} O-O {[%clk 1:31:02]} 13. Bd4
{[%clk 1:18:07]} Bd6 {[%clk 1:31:23]} 14. f4 {[%clk 1:03:39]} Nh5
{[%clk 1:31:43]} 15. fxe5 {[%clk 1:04:05]} Nxg3 {[%clk 1:32:09]} 16. exd6
{[%clk 1:04:30]} Qxd6 {[%clk 1:32:36]} 17. hxg3 {[%clk 1:03:47]} Qxg3
{[%clk 1:33:01]} 18. Bc5 {[%clk 1:03:30]} Re8 {[%clk 1:33:22]} 19. Bd6
{[%clk 0:58:39]} Qg5+ {[%clk 1:33:39]} 20. Kb1 {[%clk 0:59:05]} Rb6
{[%clk 1:34:00]} 21. e5 {[%clk 0:57:59]} Rxd6 {[%clk 1:33:37]} 22. exd6
{[%clk 0:57:16]} Bb7 {[%clk 1:33:41]} 23. Bd3 {[%clk 0:55:56]} f5
{[%clk 1:08:06]} 24. Rhg1 {[%clk 0:36:09]} Rc8 {[%clk 0:59:29]} 25. a4
{[%clk 0:22:09]} b4 {[%clk 0:50:45]} 26. Ne2 {[%clk 0:19:41]} Qe3
{[%clk 0:40:50]} 27. Ned4 {[%clk 0:15:41]} g6 {[%clk 0:36:38]} 28. Rge1 Qg3
{[%clk 0:23:19]} 29. Bf1 {[%clk 0:07:15]} e5 {[%clk 0:18:33]} 30. Na5
{[%clk 0:03:35]} Be4 {[%clk 0:11:51]} 31. Bxa6 {[%clk 0:03:42]} Rc5
{[%clk 0:10:07]} 32. Nab3 {[%clk 0:04:06]} Bxc2+ {[%clk 0:08:36]} 33. Nxc2
{[%clk 0:03:00]} Qxb3 {[%clk 0:08:58]} 34. Ne3 {[%clk 0:03:14]} f4
{[%clk 0:04:06]} 35. Rd5 {[%clk 0:02:35]} Rc3 {[%clk 0:00:39]} 36. Bc4
{[%clk 0:02:03]} Rxc4 {[%clk 0:01:00]} 37. Nxc4 {[%clk 0:02:30]} Qxc4
{[%clk 0:01:13]} 38. Rdxe5 {[%clk 0:01:58]} Qd3+ {[%clk 0:01:06]} 39. Ka1
{[%clk 0:01:53]} Qc2 {[%clk 0:00:35]} 40. Ra5 {[%clk 0:31:14]} Kg7
{[%clk 0:30:39]} 41. Ra7 {[%clk 0:28:34]} Kf6 {[%clk 0:29:49]} 42. Rb1
{[%clk 0:22:29]} g5 {[%clk 0:22:57]} 43. b3 {[%clk 0:22:47]} Ke6 {[%clk 0:20:47]}
44. Rb2 {[%clk 0:22:48]} Qc1+ {[%clk 0:20:13]} 45. Ka2 {[%clk 0:23:14]} Kxd6
{[%clk 0:20:27]} 46. Rb7 {[%clk 0:23:40]} Qc3 {[%clk 0:18:43]} 47. Rb5
{[%clk 0:24:07]} h6 {[%clk 0:14:50]} 48. a5 {[%clk 0:24:16]} Ke5 1/2-1/2